000 00683nam a22002417a 4500
005 20251009224452.0
008 251009m19981999ck a|||br|||| 000 0 spa d
020 _a 958-3005-47-9
020 _a958-30-0547-9
020 _a958-30-0543-6
040 _aBPGM
_bspa
041 _aspa
_heng
082 0 4 _aI / 823 /
100 _aCHARLES PERRAUL
245 _aCENICIENTA :
_bEN LETRAS CURSIVAS
260 _aCOLOMBIA ;
_bPANAMERICANA ,
_c1999 .
300 _a70 PÁGINAS ;
_b27.9 x 21.6 cm
336 _2rdacontent
_atexto
_btxt
337 _2rdamedia
_asin mediación
_bn
338 _2rdacarrier
_avolumen
_bnc
700 _aCHERICIÁN DAVID
_eTRADUCCIÓN
942 _2ddc
_cBKN
999 _c68374
_d68374